MARC details
| 000 -LEADER |
| fixed length control field |
01796cam a2200493 i 4500 |
| 001 - CONTROL NUMBER |
| control field |
10858545 |
| 003 - CONTROL NUMBER IDENTIFIER |
| control field |
ARRUPE |
| 005 - DATE AND TIME OF LATEST TRANSACTION |
| control field |
20141103134324.0 |
| 008 - FIXED-LENGTH DATA ELEMENTS--GENERAL INFORMATION |
| fixed length control field |
120806t20112011za ab b 000 0 eng d |
| 010 ## - LIBRARY OF CONGRESS CONTROL NUMBER |
| LC control number |
2012313275 |
| 020 ## - INTERNATIONAL STANDARD BOOK NUMBER |
| International Standard Book Number |
9789982224802 |
| 020 ## - INTERNATIONAL STANDARD BOOK NUMBER |
| International Standard Book Number |
9982224808 |
| 035 ## - SYSTEM CONTROL NUMBER |
| System control number |
(OCoLC)ocn844954663 |
| 035 ## - SYSTEM CONTROL NUMBER |
| System control number |
(OCoLC)844954663 |
| 035 ## - SYSTEM CONTROL NUMBER |
| System control number |
(NNC)10858545 |
| 040 ## - CATALOGING SOURCE |
| Original cataloging agency |
OSU |
| Language of cataloging |
eng |
| Description conventions |
rda |
| Transcribing agency |
OSU |
| Modifying agency |
DLC |
| -- |
OCLCF |
| 042 ## - AUTHENTICATION CODE |
| Authentication code |
lccopycat |
| -- |
lcode |
| 043 ## - GEOGRAPHIC AREA CODE |
| Geographic area code |
f-za--- |
| 050 00 - LIBRARY OF CONGRESS CALL NUMBER |
| Classification number |
DT3054 |
| Item number |
.K19 2011 |
| 300 ## - PHYSICAL DESCRIPTION |
| Other physical details |
illustrations (chiefly color), color maps ; |
| Dimensions |
26 cm |
| 100 1# - MAIN ENTRY--PERSONAL NAME |
| Personal name |
Katanekwa, N. M., |
| Relator term |
author. |
| 9 (RLIN) |
12324 |
| 245 10 - TITLE STATEMENT |
| Title |
Zambia's outstanding natural, cultural and historic sites : |
| Remainder of title |
a heritage legacy for all / |
| Statement of responsibility, etc |
Nicholas Mwitelela Katanekwa. |
| 246 14 - VARYING FORM OF TITLE |
| Title proper/short title |
Zambia's outstanding natural, cultural & historic sites : |
| Remainder of title |
a heritage legacy for all |
| 300 ## - PHYSICAL DESCRIPTION |
| Extent |
vi, 196 pages : |
| 504 ## - BIBLIOGRAPHY, ETC. NOTE |
| Bibliography, etc |
Includes bibliographical references (pages 193-194). |
| 650 #0 - SUBJECT ADDED ENTRY--TOPICAL TERM |
| Topical term or geographic name as entry element |
Natural history |
| Geographic subdivision |
Zambia. |
| 9 (RLIN) |
10888 |
| 650 #0 - SUBJECT ADDED ENTRY--TOPICAL TERM |
| Topical term or geographic name as entry element |
Cultural property |
| Geographic subdivision |
Zambia. |
| 9 (RLIN) |
12325 |
| 650 #0 - SUBJECT ADDED ENTRY--TOPICAL TERM |
| Topical term or geographic name as entry element |
Historic sites |
| Geographic subdivision |
Zambia. |
| 9 (RLIN) |
12326 |
| 650 #7 - SUBJECT ADDED ENTRY--TOPICAL TERM |
| Topical term or geographic name as entry element |
Antiquities. |
| Source of heading or term |
fast |
| 9 (RLIN) |
12327 |
| 650 #7 - SUBJECT ADDED ENTRY--TOPICAL TERM |
| Topical term or geographic name as entry element |
Civilization. |
| Source of heading or term |
fast |
| 9 (RLIN) |
12328 |
| 650 #7 - SUBJECT ADDED ENTRY--TOPICAL TERM |
| Topical term or geographic name as entry element |
Cultural property. |
| Source of heading or term |
fast |
| 9 (RLIN) |
12329 |
| 650 #7 - SUBJECT ADDED ENTRY--TOPICAL TERM |
| Topical term or geographic name as entry element |
Historic sites. |
| Source of heading or term |
fast |
| 9 (RLIN) |
12330 |
| 650 #7 - SUBJECT ADDED ENTRY--TOPICAL TERM |
| Topical term or geographic name as entry element |
Natural history. |
| Source of heading or term |
fast |
| 9 (RLIN) |
12331 |
| 650 #7 - SUBJECT ADDED ENTRY--TOPICAL TERM |
| Topical term or geographic name as entry element |
Travel. |
| Source of heading or term |
fast |
| 9 (RLIN) |
12332 |
| 651 #0 - SUBJECT ADDED ENTRY--GEOGRAPHIC NAME |
| Geographic name |
Zambia |
| General subdivision |
History. |
| 9 (RLIN) |
12333 |
| 651 #0 - SUBJECT ADDED ENTRY--GEOGRAPHIC NAME |
| Geographic name |
Zambia |
| General subdivision |
Civilization. |
| 9 (RLIN) |
12334 |
| 651 #0 - SUBJECT ADDED ENTRY--GEOGRAPHIC NAME |
| Geographic name |
Zambia |
| General subdivision |
Antiquities. |
| 9 (RLIN) |
12335 |
| 651 #0 - SUBJECT ADDED ENTRY--GEOGRAPHIC NAME |
| Geographic name |
Zambia |
| General subdivision |
Description and travel. |
| 9 (RLIN) |
9185 |
| 651 #7 - SUBJECT ADDED ENTRY--GEOGRAPHIC NAME |
| Geographic name |
Zambia. |
| Source of heading or term |
fast |
| 9 (RLIN) |
12336 |
| 655 #7 - INDEX TERM--GENRE/FORM |
| Genre/form data or focus term |
History. |
| Source of term |
fast |
| 9 (RLIN) |
12337 |
| 856 41 - ELECTRONIC LOCATION AND ACCESS |
| Materials specified |
Table of contents only |
| Uniform Resource Identifier |
<a href="http://catdir.loc.gov/catdir/toc/fy13pdf06/2012313275.html">http://catdir.loc.gov/catdir/toc/fy13pdf06/2012313275.html</a> |
| 942 ## - ADDED ENTRY ELEMENTS (KOHA) |
| Source of classification or shelving scheme |
Library of Congress Classification |
| Koha item type |
Monograph ( Printed materials) |
| 948 1# - LOCAL PROCESSING INFORMATION (OCLC); SERIES PART DESIGNATOR (RLIN) |
| Series part designator, SPT (RLIN) |
20140710 |
| b (OCLC) |
c |
| c (OCLC) |
dc21 |
| d (OCLC) |
MPS |